[Event "Barcelona Vila de Gracia op 25th"]
[Site "Barcelona"]
[Date "2021.10.29"]
[Round "5"]
[White "Vargas Drechsler, Carlos"]
[Black "Molina Sanchez, Ruben"]
[Result "1-0"]
[WhiteElo "1906"]
[BlackElo "1653"]
[PlyCount "113"]
[EventDate "2021.10.01"]
[EventType "swiss"]
[EventRounds "9"]
[EventCountry "ESP"]
[SourceTitle "EXT 2023"]
[Source "ChessBase"]
[SourceDate "2022.10.05"]
[SourceVersion "1"]
[SourceVersionDate "2022.10.05"]
[SourceQuality "1"]

1. e4 c5 2. Nf3 Nc6 3. d4 cxd4 4. Nxd4 e5 5. Nb5 d6 6. a4 a6 7. N5a3 Nf6 8. Bd3 Be7 9. 0-0 Be6 10. h3 Rc8 11. Nc3 Nb4 12. Bg5 0-0 13. Bxf6 Bxf6 14. Qe2 d5 15. Nxd5 Nxd5 16. exd5 Qxd5 17. Rfd1 Qa5 18. Qe4 g6 19. Qxb7 Rb8 20. Qf3 Bg7 21. b3 f5 22. Bxa6 e4 23. Qe2 Bxa1 24. Rxa1 Rfd8 25. Bc4 Qe5 26. Bxe6+ Qxe6 27. Qc4 Kf7 28. Qxe6+ Kxe6 29. Nc4 Kd5 30. a5 Kc5 31. a6 Rb4 32. Kf1 Rxc4 33. bxc4 Kxc4 34. a7 Ra8 35. Ke2 Kc3 36. Ra2 f4 37. Ra4 f3+ 38. gxf3 exf3+ 39. Kxf3 Kxc2 40. Ke4 Kb3 41. Ra1 Kc4 42. f4 Re8+ 43. Kf3 Ra8 44. Kg4 Kd5 45. f5 gxf5+ 46. Kxf5 Kd6 47. Kf6 Kd7 48. Kf7 Kd6 49. h4 Ke5 50. h5 Kf5 51. h6 Kg5 52. Kg7 Kf5 53. Kxh7 Kf6 54. Rf1+ Kg5 55. Rf7 Kh5 56. Kg7 Kg5 57. h7 1-0

[Event "Barcelona 150 aniversity 5"]
[Site "Barcelona"]
[Date "2019.05.24"]
[Round "5.1"]
[White "Pascual Gonzalez, Novelles Carle"]
[Black "Molina Sanchez, Ruben"]
[Result "0-1"]
[WhiteElo "1752"]
[BlackElo "1645"]
[PlyCount "56"]
[EventDate "2019.04.26"]
[EventType "swiss"]
[EventRounds "9"]
[EventCountry "ESP"]
[SourceTitle "EXT 2024"]
[Source "ChessBase"]
[SourceDate "2023.10.10"]
[SourceVersion "1"]
[SourceVersionDate "2023.10.10"]
[SourceQuality "1"]

1. e4 c5 2. Nc3 Nc6 3. g3 g6 4. Bg2 Bg7 5. f4 d6 6. d3 Nf6 7. Nf3 0-0 8. 0-0 Rb8 9. a3 b5 10. h3 a5 11. Qe1 b4 12. Ne2 bxa3 13. Rxa3 Nb4 14. Qd1 Ba6 15. g4 c4 16. g5 cxd3 17. cxd3 Qb6+ 18. Kh2 Nh5 19. f5 Rfc8 20. fxg6 hxg6 21. Nf4 Nxf4 22. Bxf4 Bxb2 23. Rb3 Bg7 24. Re1 a4 25. Rb1 a3 26. e5 Bxd3 27. Rxb4 Qxb4 28. Bd2 Qb1 0-1

[Event "Barcelona 150 aniversity 5"]
[Site "Barcelona"]
[Date "2019.05.03"]
[Round "2.1"]
[White "Molina Sanchez, Ruben"]
[Black "Abreu Sanchez, Leonel Jesus"]
[Result "1-0"]
[WhiteElo "1645"]
[BlackElo "1736"]
[PlyCount "35"]
[EventDate "2019.04.26"]
[EventType "swiss"]
[EventRounds "9"]
[EventCountry "ESP"]
[SourceTitle "EXT 2024"]
[Source "ChessBase"]
[SourceDate "2023.10.10"]
[SourceVersion "1"]
[SourceVersionDate "2023.10.10"]
[SourceQuality "1"]

1. e4 e5 2. Nf3 Nf6 3. Nxe5 d6 4. Nf3 Nxe4 5. Nc3 Nxc3 6. dxc3 Be7 7. Bf4 0-0 8. Qd2 Nd7 9. 0-0-0 Re8 10. Bc4 Nc5 11. Be3 Be6 12. Bxe6 Nxe6 13. h4 b5 14. Ng5 Bf6 15. Qd3 Bxg5 16. hxg5 Nxg5 17. Qxb5 Re5 18. Qxe5 1-0

[Event "Barcelona La Lira op 37th"]
[Site "Barcelona"]
[Date "2019.02.08"]
[Round "4"]
[White "Molina Sanchez, Ruben"]
[Black "Tevar Lopez, Fernando"]
[Result "0-1"]
[WhiteElo "1666"]
[BlackElo "1667"]
[PlyCount "70"]
[EventDate "2019.01.18"]
[EventType "swiss"]
[EventRounds "8"]
[EventCountry "ESP"]
[SourceTitle "CBM 189 Extra"]
[Source "ChessBase"]
[SourceDate "2019.06.03"]
[SourceVersion "1"]
[SourceVersionDate "2019.06.03"]
[SourceQuality "1"]

1. e4 c5 2. Nf3 d6 3. d4 cxd4 4. Nxd4 Nf6 5. Nc3 a6 6. Bg5 e6 7. Qd2 Be7 8. 0-0-0 b5 9. f4 Qc7 10. g4 h6 11. Bxf6 Bxf6 12. Ndxb5 axb5 13. Nxb5 Qa5 14. Nxd6+ Ke7 15. Nxc8+ Rxc8 16. e5 Bh4 17. a3 Nd7 18. Qd3 Nc5 19. Qd6+ Ke8 20. Bc4 Be7 21. Qd2 Qa4 22. Qe2 Rcb8 23. Rd2 Rxb2 24. Rd4 Qxa3 25. Bb5+ Rxb5+ 26. Kd2 Qa5+ 27. Ke3 Qc3+ 28. Rd3 Nxd3 29. cxd3 Bc5+ 30. Kf3 Rb2 31. Qe4 Rf2+ 32. Kg3 Ra3 33. Qc6+ Kd8 34. Rd1 Qc2 35. Rb1 Rxd3+ 0-1

[Event "Barcelona La Lira op 37th"]
[Site "Barcelona"]
[Date "2019.01.25"]
[Round "2"]
[White "Molina Sanchez, Ruben"]
[Black "Dominguez Diaz, Francisco"]
[Result "1-0"]
[WhiteElo "1666"]
[BlackElo "1262"]
[PlyCount "109"]
[EventDate "2019.01.18"]
[EventType "swiss"]
[EventRounds "8"]
[EventCountry "ESP"]
[SourceTitle "CBM 189 Extra"]
[Source "ChessBase"]
[SourceDate "2019.06.03"]
[SourceVersion "1"]
[SourceVersionDate "2019.06.03"]
[SourceQuality "1"]

1. e4 c5 2. Nf3 Nc6 3. d4 cxd4 4. Nxd4 d6 5. Nc3 a6 6. Be2 h6 7. Be3 Nf6 8. f3 e6 9. Nb3 Be7 10. Qd2 0-0 11. g4 Nh7 12. 0-0-0 f6 13. h4 Qe8 14. Rhg1 b5 15. g5 fxg5 16. hxg5 hxg5 17. f4 b4 18. Na4 Rb8 19. fxg5 Ne5 20. Nb6 g6 21. Nxc8 Qxc8 22. Nd4 Nc4 23. Bxc4 Qxc4 24. Qd3 Qxd3 25. Rxd3 Rb7 26. Nxe6 Rf3 27. Kd2 Rb5 28. Nd4 Rxe3 29. Kxe3 Bxg5+ 30. Kf3 Re5 31. Nc6 Re6 32. Nxb4 Rf6+ 33. Ke2 Bh4 34. Rf3 Re6 35. Rf4 Bg5 36. Rfg4 Re5 37. Nxa6 d5 38. Kd3 dxe4+ 39. Rxe4 Ra5 40. Nb4 Kg7 41. a3 Rf5 42. Reg4 Rf3+ 43. Kc4 Rf5 44. Nd3 Kf6 45. Nc5 Nf8 46. Ne4+ Kg7 47. Rxg5 Rf4 48. R1g4 Rf1 49. a4 Rc1 50. c3 Ra1 51. a5 Ra2 52. b4 Ra4 53. Kb3 Ra1 54. Rg1 Rxg1 55. Rxg1 1-0

[Event "Barcelona Tres Peons-F 47th"]
[Site "Barcelona"]
[Date "2018.06.01"]
[Round "6.3"]
[White "Iglesias Lopez, Albert"]
[Black "Molina Sanchez, Ruben"]
[Result "1-0"]
[WhiteElo "1681"]
[BlackElo "1800"]
[PlyCount "95"]
[EventDate "2018.04.27"]
[EventType "tourn"]
[EventRounds "9"]
[EventCountry "ESP"]
[SourceTitle "EXT 2024"]
[Source "ChessBase"]
[SourceDate "2023.10.10"]
[SourceVersion "1"]
[SourceVersionDate "2023.10.10"]
[SourceQuality "1"]

1. e4 c5 2. Nf3 Nc6 3. Bb5 g6 4. Nc3 Bg7 5. d3 Nh6 6. Bf4 f6 7. Qd2 Nf7 8. 0-0 0-0 9. a4 d6 10. h3 Na5 11. Rad1 a6 12. Bc4 Nxc4 13. dxc4 Bd7 14. b3 Bc6 15. Nh2 Re8 16. Ng4 Qa5 17. f3 f5 18. Nd5 Qxd2 19. Bxd2 Bxd5 20. cxd5 fxg4 21. hxg4 b5 22. a5 b4 23. g3 Bd4+ 24. Kg2 Ne5 25. Bxb4 cxb4 26. Rxd4 Rab8 27. Kh3 Rec8 28. Rf2 Rc3 29. f4 Nd7 30. Kh4 Rc5 31. Rc4 Rxc4 32. bxc4 Nc5 33. e5 Rc8 34. exd6 exd6 35. Re2 Kf7 36. Kg5 Re8 37. Rxe8 Kxe8 38. Kh6 Nb7 39. Kxh7 Kf7 40. g5 Nxa5 41. g4 Nxc4 42. f5 gxf5 43. g6+ Ke7 44. g7 Ne5 45. g8Q Nxg4 46. Qe6+ Kd8 47. Qxd6+ Ke8 48. Qe6+ 1-0

[Event "Barcelona Tres Peons-F 47th"]
[Site "Barcelona"]
[Date "2018.05.11"]
[Round "3.5"]
[White "Molina Sanchez, Ruben"]
[Black "Shenkel, Alberto"]
[Result "0-1"]
[WhiteElo "1800"]
[BlackElo "1696"]
[PlyCount "142"]
[EventDate "2018.04.27"]
[EventType "tourn"]
[EventRounds "9"]
[EventCountry "ESP"]
[SourceTitle "EXT 2024"]
[Source "ChessBase"]
[SourceDate "2023.10.10"]
[SourceVersion "1"]
[SourceVersionDate "2023.10.10"]
[SourceQuality "1"]

1. e4 e5 2. Nf3 Nf6 3. Nxe5 Nxe4 4. d4 Qe7 5. Be2 Qf6 6. 0-0 Bd6 7. Nc4 Bf4 8. Bxf4 Qxf4 9. Bd3 d5 10. Ncd2 Nxd2 11. Nxd2 Qxd4 12. Qh5 Bg4 13. Rfe1+ Kf8 14. Qh4 Nc6 15. h3 Be6 16. Qh5 Qf6 17. Nf3 Qh6 18. Qg5 Qxg5 19. Nxg5 g6 20. Nxe6+ fxe6 21. Rxe6 Kf7 22. Rae1 Rae8 23. Rxe8 Rxe8 24. Rxe8 Kxe8 25. a3 Ke7 26. f4 Kf6 27. Kf2 h6 28. g4 Ne7 29. b4 g5 30. f5 Ke5 31. Ke3 d4+ 32. Kf3 b6 33. f6 Kxf6 34. Ke4 c5 35. b5 Ke6 36. Bc4+ Kd6 37. Bf7 Nc8 38. Kf5 Ne7+ 39. Ke4 Nc8 40. Kf5 Ke7 41. Kg6 Nd6 42. Bd5 Nxb5 43. a4 Nc3 44. Bb3 c4 45. Bxc4 Nxa4 46. Kxh6 Kf6 47. Kh5 Nc5 48. h4 gxh4 49. Kxh4 Ne4 50. Bd3 Ng5 51. Kh5 Nf7 52. Ba6 Ng5 53. Bd3 Ne6 54. Kh6 a5 55. Bb5 Ng5 56. Ba4 Ne6 57. Bb5 Nf4 58. g5+ Kf5 59. g6 Nxg6 60. Bd3+ Ke5 61. Kxg6 Kd5 62. Bb5 Kc5 63. Ba4 Kb4 64. Bb3 a4 65. Bxa4 Kxa4 66. Kf5 Kb4 67. Ke5 Kc3 68. Kd5 b5 69. Kc5 b4 70. Kd5 Kxc2 71. Kxd4 b3 0-1

[Event "Barcelona Tres Peons-F 47th"]
[Site "Barcelona"]
[Date "2018.04.27"]
[Round "1.5"]
[White "Elsener, Nicoletta"]
[Black "Molina Sanchez, Ruben"]
[Result "0-1"]
[WhiteElo "1700"]
[BlackElo "1800"]
[PlyCount "50"]
[EventDate "2018.04.27"]
[EventType "tourn"]
[EventRounds "9"]
[EventCountry "ESP"]
[SourceTitle "EXT 2024"]
[Source "ChessBase"]
[SourceDate "2023.10.10"]
[SourceVersion "1"]
[SourceVersionDate "2023.10.10"]
[SourceQuality "1"]

1. e4 c5 2. Nf3 Nc6 3. Bb5 g6 4. 0-0 Bg7 5. Bxc6 bxc6 6. d3 d6 7. Nc3 Nf6 8. Bg5 Rb8 9. b3 Bg4 10. e5 dxe5 11. Nxe5 Bxd1 12. Nxc6 Qc7 13. Nxb8 Qxb8 14. Raxd1 0-0 15. Bxf6 Bxf6 16. Rfe1 Bxc3 17. Rxe7 Re8 18. Rxe8+ Qxe8 19. h3 Qe2 20. Rc1 Qd2 21. Kf1 Qxc1+ 22. Ke2 Qxc2+ 23. Ke3 Bd4+ 24. Ke4 Qe2+ 25. Kd5 Qe6# 0-1